La adicción a las drogas: su recuperación en comunidad terapéutica (Registro nro. 5867)

Detalles MARC
000 -Cabecera
Campo de control de longitud fija 00811ata a2200289 4500
005 - Fecha y hora de la última transacción
Campo de control 20250704121833.0
008 - Elementos de longitud fija--Información general
Campo de control de longitud fija 150521b2007 xxu||||| |||| 00| 0 spa d
041 ## - Idioma
Código de idioma Español
082 ## - Clasificación Decimal Dewey
Número de clasificación 362.299 C961a
100 ## - Entrada principal--Autor personal
Nombre personal Cuatrocchi, Estela Monica
9 (RLIN) 30352
245 ## - Título propiamente dicho
Título La adicción a las drogas: su recuperación en comunidad terapéutica
260 ## - Pie de imprenta
Lugar de publicación, distribución, etc. Argentina
260 ## - Pie de imprenta
Nombre del editor, distribuidor, etc. Espacio
260 ## - Pie de imprenta
Fecha de publicación, distribución, etc. 2007
300 ## - Descripción física
Extensión 160 páginas
490 ## - Serie
Título de la Serie Temática General
650 ## - Materia general
Temática (materia general) DROGAS
650 ## - Materia general
Temática (materia general) ADICCIÓN A LAS DROGAS
650 ## - Materia general
Temática (materia general) RECUPERACIÓN EN COMUNIDAD
650 ## - Materia general
Temática (materia general) RECUPERACIÓN TERAPÉUTICA
650 ## - Materia general
Temática (materia general) TOXICONOMÍA
650 ## - Materia general
Temática (materia general) CONSUMO DE DROGAS
650 ## - Materia general
Temática (materia general) TRATAMIENTO DE ADICCIÓN
650 ## - Materia general
Temática (materia general) PREVENCIÓN A LAS DROGAS
650 ## - Materia general
Temática (materia general) SITUACIÓN DE FAMILIAS
942 ## - Punto de acceso adicional KOHA
Tipo de ítem KOHA Libro
Fuente del sistema de clasificación o colocación Dewey Decimal Classification
Existencias
Signatura completa Código de barras Programa Académico Tipo de ítem
362.299 C961a 14849 Temática General Libro